[Event "LXIII MEX-ch Open Leon 2017"]
[Site "Leon"]
[Date "2017.04.11"]
[Round "1"]
[White "Cordova, Emilio"]
[Black "Lopez Rueda, Juan Pablo"]
[Result "1-0"]
[WhiteElo "2645"]
[BlackElo "2001"]
[Annotator "TA"]
[PlyCount "59"]
[EventDate "2017.??.??"]
[EventType "swiss"]
[EventCountry "MEX"]
[SourceTitle "playchess.com"]
[Source "ChessBase"]
[SourceQuality "1"]

{[%evp 7,59,-6,33,16,50,42,59,52,55,52,54,60,106,91,116,96,96,99,134,108,136,135,118,116,138,120,139,118,139,152,145,150,279,291,292,282,293,287,288,284,322,324,346,302,413,405,395,341,441,448,431,427,433,428]} 1. e4 c5 2. Bc4 Nc6 3. Nf3 e6 4. O-O a6 5. Re1 {B30: Sicilian: 2...Nc6 3 Bb5, lines without ...g6} (5. c3 Nf6 6. e5 d5 7. Bb3 Nd7 8. d4 Be7 9. Re1 b5 10. Nbd2 Nb6 11. Nf1 cxd4 12. Nxd4 Nxd4 13. Qxd4 {1-0 (22) Ranola,Y (2373)-Kotanjian,T (2479) Olongapo City 2015}) 5... d6 6. c3 Nf6 7. d4 {White is slightly better.} b5 8. Bf1 Be7 $146 (8... cxd4 9. cxd4 Be7 10. a4 b4 11. Nbd2 O-O 12. b3 d5 {1-0 (35) Mandita,H (1912)-Terbe,J (2187) Arad 2016}) 9. a4 Rb8 10. axb5 axb5 11. dxc5 dxc5 {[#]} 12. Qxd8+ $1 Nxd8 13. Bf4 Rb7 14. Ra5 $36 {[%mdl 2048] White is on the roll.} Bd7 15. Ne5 c4 16. Nxd7 Nxd7 {[#]} 17. Na3 $1 e5 18. Be3 (18. Nxb5 exf4 19. Bxc4 O-O $17) 18... Bxa3 19. bxa3 O-O (19... Ke7 $16 {was called for.} 20. Rb1 Nc6 21. Raxb5 Rxb5 22. Rxb5 Ra8) 20. Rb1 $18 Nc6 21. Raxb5 Rxb5 22. Rxb5 Ra8 23. Rb7 ({Don't play} 23. Bxc4 $6 Rxa3 24. Rb7 Ra1+ 25. Bf1 Nf8 $18) 23... Nf6 24. f3 h6 25. Bc5 Ra5 26. Bb4 ({And not} 26. Bxc4 Rxc5 27. Bxf7+ Kf8 $15) 26... Nxb4 27. axb4 ({Not} 27. Rxb4 Rxa3 28. Rb8+ (28. Rxc4 Kf8 29. Rc8+ Ke7 $16) (28. Bxc4 Nd7 $16) 28... Kh7 $16) 27... Ra3 28. Bxc4 {White is clearly winning.} Rxc3 29. Bxf7+ Kf8 30. Bg6 1-0

[Event "LXIII MEX-ch Open Leon 2017"]
[Site "Leon"]
[Date "2017.04.11"]
[Round "1"]
[White "Gonzalez Zamora, Juan Carlos"]
[Black "Wences Tototzin, Ivan"]
[Result "1-0"]
[WhiteElo "2517"]
[BlackElo "2000"]
[Annotator "TA"]
[PlyCount "61"]
[EventDate "2017.??.??"]
[EventType "swiss"]
[EventCountry "MEX"]
[SourceTitle "playchess.com"]
[Source "ChessBase"]
[SourceQuality "1"]

{[%evp 16,61,14,18,58,54,52,49,58,56,160,169,169,163,158,133,127,113,140,145,143,141,141,143,150,150,189,168,189,175,156,152,155,136,156,159,162,168,177,132,182,182,186,182,379,382,482,379]} 1. Nf3 d5 2. c4 c6 3. Qc2 Nf6 4. g3 e6 5. Bg2 Nbd7 6. O-O Bd6 7. d4 O-O 8. Nbd2 Re8 9. Rd1 b6 {E01: Catalan: Early deviations} (9... Qe7 10. e4 Nxe4 11. Nxe4 dxe4 12. Qxe4 e5 13. Bg5 Qf8 14. dxe5 Nxe5 15. Nxe5 Rxe5 16. Qd4 Rxg5 17. Qxd6 Qxd6 18. Rxd6 Be6 19. Rc1 Rc5 20. b3 Kf8 21. f4 {½-½ (48) Dubov,D (2660)-Smirnov,P (2595) Khanty-Mansiysk 2016}) 10. e4 dxe4 11. Nxe4 Nxe4 {White is slightly better.} 12. Qxe4 Qc7 ({Black should try} 12... Bb7 $14) 13. Ng5 $16 Nf6 14. Qxc6 Rb8 15. Qxc7 $146 (15. c5 bxc5 16. dxc5 Be5 17. f4 {½-½ (57) Goni Navarro,P (2008)-Arjol Lopez,D (1878) Zaragoza 2015}) 15... Bxc7 16. b3 Bb7 17. a4 Bxg2 18. Kxg2 h6 19. Nf3 Red8 20. Bb2 Bd6 21. d5 Ne4 22. dxe6 fxe6 23. Re1 Nc5 24. Re3 a5 25. Nd4 {Threatens to win with Nc6.} Re8 26. Nb5 Rbd8 27. Rae1 Kf7 28. Bd4 Re7 29. h4 g6 $2 {[#]} (29... Red7 30. Rf3+ Kg8 31. Nxd6 Rxd6) 30. Rf3+ $18 ({Not} 30. Nxd6+ Rxd6 31. Rf3+ Kg8 $18) 30... Ke8 31. Bf6 1-0

[Event "LXIII MEX-ch Open Leon 2017"]
[Site "Leon"]
[Date "2017.04.11"]
[Round "1"]
[White "Cuenca Jimenez, Jose Fernando"]
[Black "Torres Belman, Noe Isai"]
[Result "1-0"]
[WhiteElo "2477"]
[BlackElo "1982"]
[Annotator "TA"]
[PlyCount "51"]
[EventDate "2017.??.??"]
[EventType "swiss"]
[EventCountry "MEX"]
[SourceTitle "playchess.com"]
[Source "ChessBase"]
[SourceQuality "1"]

{[%evp 6,51,50,21,35,45,39,36,81,94,95,96,137,140,185,158,172,181,176,176,177,171,186,173,201,218,206,223,241,167,158,181,465,466,879,879,866,863,1095,1094,1072,1056,992,930,1165,1408,29970,29978]} 1. d4 Nf6 2. c4 Nc6 3. Nf3 e6 4. g3 b6 {E10: Blumenfeld Gambit} (4... Bb4+ 5. Bd2 Qe7 6. Nc3 O-O 7. Bg2 d6 8. O-O a5 9. Rc1 Bxc3 10. Bxc3 e5 11. d5 Nb8 12. c5 Nbd7 13. cxd6 cxd6 14. Nd2 b5 15. b3 Nb6 16. e4 b4 17. Bb2 Ba6 18. Re1 {½-½ (32) Riazantsev,A (2671)-Bologan,V (2640) Doha 2016}) 5. Bg2 Bb4+ 6. Bd2 Qe7 {White is slightly better.} 7. O-O Bb7 8. Bc1 d5 $146 {[#]} (8... Bd6 9. Nc3 O-O 10. e4 e5 11. d5 Na5 12. Nh4 g6 13. Bg5 Rfc8 14. b3 Kg7 {1-0 (22) Amann,H (2195)-Mehaux,H (2076) GER email 2013}) 9. c5 $1 {[%mdl 512]} bxc5 10. a3 Ba5 {[#]} 11. dxc5 $1 Qxc5 12. b4 Nxb4 13. axb4 Bxb4 14. Ne5 {Qa4+ is the strong threat.} Qb6 15. Qa4+ Ke7 16. Na3 a5 17. e4 ({Don't do} 17. Bg5 $6 Rhd8 18. Rfd1 Kf8) 17... Rhd8 18. exd5 Nxd5 $2 (18... exd5 19. Be3 c5) 19. Nac4 $18 Qc5 (19... Qa6 $142 20. Ba3 Bd6) 20. Be3 Nxe3 21. fxe3 {[%csl Ge5][%cal Rf1f7]} ({Less strong is} 21. Bxb7 Nxc4 22. Nc6+ Kf8 $16) 21... f6 22. Bxb7 fxe5 23. Bxa8 Rxa8 24. Qc2 g6 25. Qe4 Rd8 26. Qh4+ 1-0

[Event "LXIII MEX-ch Open Leon 2017"]
[Site "Leon"]
[Date "2017.04.11"]
[Round "1"]
[White "Fernandez Cardoso, Alexey"]
[Black "Beltran Medina, Jorge"]
[Result "1-0"]
[WhiteElo "2445"]
[BlackElo "1978"]
[Annotator "TA"]
[PlyCount "41"]
[EventDate "2017.??.??"]
[EventType "swiss"]
[EventCountry "MEX"]
[SourceTitle "playchess.com"]
[Source "ChessBase"]
[SourceQuality "1"]

{[%evp 15,41,20,35,37,31,26,41,37,36,12,14,9,11,20,17,6,43,40,121,131,132,101,314,202,29984,29985,29998,29999]} 1. e4 {[%cal Be2e4,Be4e5][%mdl 32]} e6 2. d4 d5 3. Nd2 Nf6 4. e5 Nfd7 5. f4 c5 6. Ngf3 Nc6 7. Nb3 cxd4 8. Nbxd4 Bc5 9. c3 {[%cal Bc2c3,Bc3d4][%mdl 32] C05: French Tarrasch: 3...Nf6 4 e5 Nfd7, 5 f4 and 5 Bd3 sidelines} Qb6 10. a3 Ndb8 $146 (10... a5 11. Bd3 Nxd4 12. cxd4 Bxd4 13. Qa4 Bf2+ 14. Kf1 Ke7 15. Qc2 Be3 16. Ke2 Bc5 {1-0 (37) Fernandez Cardoso,A (2431)-Jaquez,J (2256) Havana 2017}) 11. b4 {White is slightly better.} (11. Bd3 $5 {looks sharper.} Bd7 12. Nc2 a5 13. Qe2 a4 14. Rb1) 11... Nxd4 12. cxd4 Be7 13. Bd3 Bd7 14. O-O Bb5 15. f5 Bxd3 16. Qxd3 O-O {[#]} (16... exf5 $14 17. Qxf5 O-O) 17. f6 $1 $16 {[%cal Rf6e7]} gxf6 18. Bh6 $40 {[%mdl 128] White goes for the king.} Nc6 $2 (18... Nd7 $16) 19. Kh1 {aiming for b5.} ({Weaker is} 19. Bxf8 Rxf8 20. Kh1 a6 $16) 19... Rfe8 $2 (19... fxe5 $18 20. Nxe5 (20. Bxf8 e4 21. Qd1 Rxf8 $15) 20... Nxe5 21. dxe5 Kh8 22. Bxf8 Rxf8) 20. Ng5 fxg5 {[#]} 21. Rxf7 $1 {[%mdl 512]} 1-0

[Event "LXIII MEX-ch Open Leon 2017"]
[Site "Leon"]
[Date "2017.04.11"]
[Round "1"]
[White "Cervantes Bello, Gabriel"]
[Black "Gonzalez Vidal, Yuri"]
[Result "0-1"]
[WhiteElo "2000"]
[BlackElo "2534"]
[Annotator "TA"]
[PlyCount "60"]
[EventDate "2017.04.17"]
[EventType "swiss"]
[EventCountry "MEX"]
[SourceTitle "playchess.com"]
[Source "ChessBase"]
[SourceQuality "1"]

{[%evp 22,60,46,37,27,34,25,3,4,0,18,26,53,-29,-30,-29,-29,-29,-29,-29,-29,-29,-39,-40,-4,-89,-82,-104,-64,-77,-46,-70,-37,-354,-362,-347,-342,-1077,-1048,-1047,-1007]} 1. c4 Nf6 2. Nf3 e6 3. g3 d5 4. Bg2 dxc4 5. Qa4+ c6 6. Qxc4 b5 7. Qc2 Bb7 8. d4 Nbd7 9. O-O Be7 10. Rd1 Rc8 11. Ne5 O-O 12. Nc3 {LiveBook: 4 Games. D30: Queen's Gambit Declined: Systems without Nc3} Nxe5 $146 (12... a6 13. Bg5 h6 14. Bxf6 Nxf6 15. Ne4 Nxe4 16. Bxe4 {1-0 (34) Arsovic,Z (2425)-Abramovic,B (2429) Kragujevac 2013}) 13. dxe5 Nd5 14. Ne4 {White has an edge.} c5 15. Bf4 h6 16. Qd2 Qc7 {Black wants to play ...g5.} 17. Nf6+ ({White should play} 17. Nd6 $14) 17... Bxf6 $11 18. exf6 Nxf4 19. fxg7 Rfd8 20. Qxf4 Qxf4 21. gxf4 Bxg2 22. Kxg2 Kxg7 {[%mdl 4096] Endgame KRR-KRR} 23. e4 (23. Rxd8 $11 Rxd8 24. a4) 23... c4 $17 {[%cal Bc5c4,Bc4c3,Bc3c2][%mdl 32]} 24. Kf3 Kf6 25. Ke3 a6 26. f3 Rxd1 27. e5+ $2 {[%mdl 8192] [#]} ({Only move:} 27. Rxd1 $15 a5 28. Rc1) 27... Kf5 $19 28. Rxd1 c3 29. b3 $2 (29. Rb1) 29... c2 30. Rc1 b4 0-1

[Event "LXIII MEX-ch Open Leon 2017"]
[Site "Leon"]
[Date "2017.04.11"]
[Round "1"]
[White "Alarcon Morales, Elvira"]
[Black "Hernandez Guerrero, Gilberto"]
[Result "0-1"]
[WhiteElo "1996"]
[BlackElo "2499"]
[Annotator "TA"]
[PlyCount "58"]
[EventDate "2017.??.??"]
[EventType "swiss"]
[EventCountry "MEX"]
[SourceTitle "playchess.com"]
[Source "ChessBase"]
[SourceQuality "1"]

{[%evp 23,58,-19,-26,-25,-27,-27,-22,-18,-18,-89,-81,-147,-136,-161,-172,-179,-168,-293,-300,-388,-370,-481,-485,-472,-456,-456,-415,-598,-593,-760,-751,-1781,-1587,-1936,-1822,-29991,-29992]} 1. e4 c5 2. c3 Nf6 3. e5 Nd5 4. d4 cxd4 5. cxd4 e6 6. Nc3 Nxc3 7. bxc3 Qc7 8. Bd2 d6 9. Nf3 Nd7 10. exd6 Bxd6 11. Bd3 b6 12. Qe2 Bb7 13. h3 {B22: Sicilian: 2 c3} O-O 14. O-O Rac8 15. a4 {The position is equal.} Bf4 {Black wants to play ...Bxf3.} 16. Be1 $146 (16. Bc1 $11 {keeps the balance.}) (16. Rfc1 Bxf3 17. gxf3 Nf6 18. Bxf4 Qxf4 19. Qe3 Qh4 20. Bf1 Nd5 21. Qd2 Rfd8 22. c4 Nf4 23. Kh2 Rc5 24. Re1 Nxh3 {0-1 (24) Siclovan,C (1955)-Jianu,V (2544) Eforie Nord 2009}) 16... e5 $17 {[%cal Be6e5,Be5e4][%mdl 32]} 17. Bf5 {[#]} (17. Bb5 $142) 17... e4 $1 {[%mdl 512]} 18. Ne5 (18. Bxe4 Rfe8) 18... Nxe5 19. dxe5 {[#]} Rce8 $1 ({Don't do} 19... Bxe5 20. Bxc8 Rxc8 21. Bd2 $15) 20. e6 (20. Bxe4 $142 Rxe5 21. f3) 20... g6 $19 ({Less strong is} 20... fxe6 21. Bxe4 Qe5 22. Bd3 $17) 21. Qg4 Kh8 ({Don't take} 21... Ba6 22. exf7+ Rxf7 23. Be6 $19) 22. exf7 Rxf7 23. Be6 Rf6 {[%cal Bf7f6,Bf6d6,Bd6d4][%mdl 32]} 24. Bb3 e3 {Threatens to win with ...e2.} 25. Ra2 (25. Kh1 {might work better.} e2 26. Rg1) 25... h5 26. Qd1 Rd6 (26... Bh2+ $2 27. Kh1 $19) 27. Qc1 exf2+ 28. Bxf2 Bxc1 29. Bd4+ {[#]} Rxd4 $1 0-1

[Event "LXIII MEX-ch Open Leon 2017"]
[Site "Leon"]
[Date "2017.04.11"]
[Round "1"]
[White "Martinez Rodriguez, Miguel"]
[Black "Ruiz Sanchez, Orlen"]
[Result "0-1"]
[WhiteElo "1979"]
[BlackElo "2455"]
[Annotator "TA"]
[PlyCount "68"]
[EventDate "2017.??.??"]
[EventType "swiss"]
[EventCountry "MEX"]
[SourceTitle "playchess.com"]
[Source "ChessBase"]
[SourceQuality "1"]

{[%evp 14,68,-3,-22,0,-8,-6,-20,-10,-33,-11,-14,0,-14,14,10,24,4,52,35,53,64,64,34,58,-8,-8,-12,0,-1,14,21,31,26,32,25,33,44,259,31,185,-575,-552,-500,-463,-467,-349,-435,-429,-460,-456,-803,-829,-813,-800,-29990,-4982]} 1. e4 c5 2. Nf3 d6 3. Bb5+ Nd7 4. O-O Ngf6 5. Re1 a6 6. Bxd7+ Bxd7 7. d4 cxd4 8. Nxd4 {LiveBook: 5 Games} e6 {B51: Sicilian: Moscow Variation (3 Bb5+) without 3...Bd7} (8... g6 9. c4 Bg7 10. Nc3 O-O 11. b3 Qa5 12. Bb2 e6 13. a4 Rfd8 14. Rc1 Rac8 15. Ba3 Be8 16. h3 {½-½ (41) Mammadova,G (2323)-Kashlinskaya,A (2423) Loo 2014}) 9. Nc3 Be7 10. Bg5 O-O {The position is equal.} 11. Qf3 Qb6 $146 (11... h6 12. Bh4 Qc7 13. a4 Rac8 14. Rad1 Qc4 15. a5 {0-1 (47) Tirman,B-Esengin,E Kocaeli 2002}) 12. Rad1 Rac8 13. Nb3 Qc7 14. Qg3 Rfd8 15. Rd3 b5 16. Rf3 $1 {[%cal Rf3f6] [#] aiming for Rxf6.} (16. Bxf6 Bxf6 17. Qxd6 (17. Rxd6 Bh4 18. Qf4 Be7 $17) 17... Qxd6 18. Rxd6 b4 $15) 16... Kf8 17. Qh4 {[%cal Rf3f6]} b4 18. e5 $1 $40 {[%cal Re5f6][%mdl 128] White is up to no good.} dxe5 19. Bxf6 (19. Ne4 $14 Bc6 20. Nxf6 (20. Bxf6 Bxf6 21. Nxf6 Bxf3 22. Nxh7+ Kg8 $11) 20... Bxf3 21. Nxh7+ Ke8 22. gxf3) 19... Bxf6 $11 20. Qxb4+ Be7 21. Qe4 f5 {And now ...Bc6 would win.} (21... Kg8 $5 {creates asymmetry.} 22. Qxe5 Bd6 23. Qh5 Bc6 24. Rd3 g6) 22. Qxe5 Bd6 23. Qe2 (23. Qd4 $2 Bxh2+ 24. Kh1 Bc6 $19) 23... Bxh2+ 24. Kh1 {Hoping for Rh3.} Bf4 25. Qxa6 Bc6 $2 (25... Re8 $14) 26. Rd3 $2 (26. Nc5 $18 Re8 {[#]} 27. Rxf4 $1 {[%mdl 512]} (27. Nxe6+ Rxe6 28. Rxe6 Bxf3 $16) 27... Qxf4 28. Nxe6+ Rxe6 29. Qxc8+ Re8 30. Rxe8+ Bxe8 31. Qc5+ Kf7 32. Ne2) 26... Qe7 $2 (26... Rxd3 $14 27. Qxd3 (27. cxd3 Bd7 $14) 27... Qf7) 27. Red1 $4 {[%mdl 8192]} (27. Rxd8+ $18 {and all is fine.} Qxd8 28. Kg1 (28. Rxe6 Qh4+ 29. Kg1 Qh2+ 30. Kf1 Bxg2+ 31. Ke2 Qh5+ 32. Kd3 Qf3+ 33. Re3 Bf1+ 34. Kd4 Bxe3+ 35. fxe3 Bxa6 36. e4 Qf4 37. a4 Rc4+ 38. Kd5 Ke7 39. exf5 Qxf5#)) 27... Qh4+ $19 28. Kg1 {Black must now prevent Rxd8+.} Qh2+ 29. Kf1 Qxg2+ 30. Ke2 Re8 ({Not} 30... Qg4+ 31. Ke1 Bd5 32. Nd4 $17) 31. Nd4 Bd5 32. Rf1 (32. Nf3 $142) 32... Bc4 33. Qa3+ Kg8 34. Ncb5 Bxb5 (34... e5 $142 35. Ne6 e4 36. Qf8+ Rxf8 37. Nxf4 exd3+ 38. Kd2 Qxf1 39. Ke3 Bxb5 40. c4 Rxc4 41. a3 Re8+ 42. Kf3 Qg1 43. Ng2 Bc6+ 44. Kg3 Qxg2#) 0-1

[Event "LXIII MEX-ch Open Leon 2017"]
[Site "Leon"]
[Date "2017.04.11"]
[Round "1"]
[White "Casillas Pellat, Jose de Jesus"]
[Black "Otero Acosta, Diasmany"]
[Result "0-1"]
[WhiteElo "1977"]
[BlackElo "2438"]
[Annotator "TA"]
[PlyCount "66"]
[EventDate "2017.??.??"]
[EventType "swiss"]
[EventCountry "MEX"]
[SourceTitle "playchess.com"]
[Source "ChessBase"]
[SourceQuality "1"]

{[%evp 10,66,13,-20,-18,-25,-40,-69,12,21,37,18,21,-9,43,-13,-7,-20,-20,-39,-33,-38,-32,-38,-37,-225,-224,-237,-242,-305,-300,-336,-277,-296,-270,-384,-324,-499,-495,-539,-553,-768,-883,-844,-849,-1772,-1643,-1801,-1745,-2343,-1499,-29994,-29995,-29995,-29996,-29996,-29974,-29974,-29975]} 1. e4 c5 2. Nf3 e6 3. d4 cxd4 4. c3 Nf6 5. e5 Nd5 6. Nxd4 {LiveBook: 3 Games} Qc7 {B22: Sicilian: 2 c3} 7. f4 (7. Qe2 Nc6 8. Nxc6 bxc6 9. Nd2 Be7 10. h4 f6 11. exf6 Bxf6 12. Ne4 O-O 13. Bg5 Bxg5 14. hxg5 {0-1 (22) Yap,K (2246)-Adianto,U (2583) Cebu 2007}) 7... a6 8. Bd3 b5 (8... d6 $15) 9. a4 $146 (9. O-O d6 10. Qe2 Nd7 11. f5 Nxe5 12. fxe6 fxe6 13. Be4 Be7 14. Qh5+ {1-0 (30) Yurtseven,M (1833)-Arig,B (1740) Akhisar Manisa 2009}) 9... bxa4 10. Rxa4 Bb7 11. Qe2 Bc5 (11... Nc6 $11) 12. O-O ({White should try} 12. Nb3 $14 Bb6 13. Na3) 12... Nc6 13. Nd2 Ndb4 14. Bb1 Nxd4 15. cxd4 Bxd4+ 16. Kh1 a5 $36 {[%mdl 2048] White is under pressure.} 17. Ne4 $2 (17. Nc4 $15) 17... Ba6 $19 18. Qf3 {White wants to play Nd6+.} Bxf1 19. Qxf1 O-O 20. Bd2 f5 21. exf6 Bxf6 22. Qf3 (22. Nxf6+ $142 Rxf6 23. h3) 22... Rac8 {[#] ( -> ...Qc1+!)} 23. h4 (23. Nxf6+ {might work better.} Rxf6 24. g3) 23... Bxb2 {aiming for ...Bc1.} ({Resist} 23... Bxh4 24. Ra3 g6 25. Rc3 $19) 24. Ng5 h6 {[%cal Bh7h6,Bh6g5][%mdl 32]} 25. Qe4 {[%csl Gb1,Gg5][%cal Re4h7]} hxg5 26. Qh7+ Kf7 {[#] Hoping for ...Rh8.} 27. Bg6+ Ke7 28. Rxb4 axb4 29. Qh5 Qc5 {Threatens to win with ...Bc3.} 30. fxg5 Rf1+ {Black mates.} 31. Kh2 Be5+ 32. Kh3 Qc3+ 33. Bxc3 Rxc3+ 0-1

[Event "LXIII MEX-ch Open Leon 2017"]
[Site "Leon"]
[Date "2017.04.12"]
[Round "2"]
[White "Obregon Rivero, Juan Carlos"]
[Black "Bustamante Orta, Jorge"]
[Result "1-0"]
[WhiteElo "2529"]
[BlackElo "2160"]
[Annotator "TA"]
[PlyCount "73"]
[EventDate "2017.??.??"]
[EventType "swiss"]
[EventCountry "MEX"]
[SourceTitle "playchess.com"]
[Source "ChessBase"]
[SourceQuality "1"]

{[%evp 24,73,0,0,41,27,40,34,53,44,58,34,31,40,31,44,36,22,59,19,68,68,109,109,119,114,129,127,191,164,158,163,154,139,143,140,146,147,181,172,170,172,164,163,235,233,238,239,1447,1542,5206,5081]} 1. e4 e6 2. d4 d5 3. Nd2 Nf6 4. e5 Nfd7 5. Bd3 c5 6. c3 Nc6 7. Ne2 cxd4 8. cxd4 f6 9. exf6 Nxf6 10. Nf3 Bd6 11. O-O O-O 12. Bg5 Bd7 13. Bh4 Qe8 {C06: French Tarrasch: 3...Nf6 4 e5 Nfd7 5 Bd3 main lines} (13... Qc7 14. Bg3 Rae8 15. Rc1 Bxg3 16. hxg3 Qb6 17. Qb3 Qxb3 18. axb3 Nb4 19. Bb1 Rc8 20. Nc3 Ng4 21. Rfe1 Rc6 22. Re2 {½-½ (31) Meribanov,V (2426)-Arun Prasad,S (2514) Moscow 2013}) 14. Bg3 Bxg3 15. Nxg3 Qb8 $146 {White is slightly better.} (15... Qe7 16. Re1 g6 17. Ne5 Nxe5 18. dxe5 Ne8 19. Qg4 Qf7 20. Re2 Rc8 {0-1 (39) Egedi,I (2315)-Barva,A (2376) Hungary 2006}) 16. Re1 Qf4 17. Bb5 Ne4 18. Qc1 a6 {[#] Hoping for ...Qxc1.} 19. Bxc6 Bxc6 20. Qe3 h6 21. Rac1 Rac8 22. Nxe4 dxe4 23. Qxf4 Rxf4 24. Ne5 Rd8 25. g3 Rf3 (25... Rf5 $16) 26. Nxc6 bxc6 27. Rxe4 $18 {[%mdl 4096] Endgame KRR-KRR} Rd6 28. Kf1 Rf5 29. Ke2 Rb5 30. b3 a5 31. Rc4 g5 32. Re5 Kf7 33. Ke3 Rdd5 (33... Rbd5 {is a better defense.} 34. Rxd5 exd5) 34. Rxd5 ({Don't do} 34. Rxc6 $6 Rxe5+ 35. dxe5 Rxe5+ 36. Kf3 Rd5 $16) 34... cxd5 35. Rc5 Rxc5 $2 {[#]} (35... Rb8 36. Rxa5 Kf6) 36. dxc5 e5 37. f4 1-0

[Event "LXIII MEX-ch Open Leon 2017"]
[Site "Leon"]
[Date "2017.04.12"]
[Round "2"]
[White "Hernandez Guerrero, Gilberto"]
[Black "Fonseca Manrique, Enrique"]
[Result "1-0"]
[WhiteElo "2499"]
[BlackElo "2160"]
[Annotator "TA"]
[PlyCount "68"]
[EventDate "2017.??.??"]
[EventType "swiss"]
[EventCountry "MEX"]
[SourceTitle "playchess.com"]
[Source "ChessBase"]
[SourceQuality "1"]

{[%evp 13,68,31,51,64,87,81,112,113,122,118,122,103,109,106,140,120,287,209,231,219,205,204,365,341,353,170,168,167,390,379,303,278,393,399,371,286,372,375,322,335,299,262,29986,29987,29986,29987,29987,29988,29989,1186,1467,1458,1366,1360,5385,5381,2023]} 1. e4 c5 2. Nc3 e6 3. Nf3 a6 4. d4 cxd4 5. Nxd4 Qc7 6. g3 Nc6 7. Bg2 Bc5 8. Nb3 {B47: Sicilian: Taimanov: 5 Nc3 Qc7 6 f4, 6 g3 and 6 Be2} Ba7 (8... Be7 9. Be3 Nf6 10. f4 d6 11. O-O O-O 12. a4 b6 13. g4 Nd7 14. g5 Re8 15. Rf3 Bb7 {1-0 (30) Ehlvest,J (2597)-Kryvoruchko,Y (2679) Fujairah 2012}) 9. Bf4 Ne5 10. Bxe5 $146 {White is better.} (10. Qd2 d6 11. O-O-O Bb8 12. Bxe5 dxe5 13. f4 Ne7 14. Rhf1 O-O 15. Kb1 Ba7 {½-½ (32) Shapoval,G (2216)-Borisova,E (2305) Kharkov 2008}) 10... Qxe5 11. f4 Qc7 {[#]} 12. Qg4 $1 {[%cal Rg4g7]} g6 13. O-O-O Ne7 14. Qg5 {Qf6 is the strong threat.} f5 $2 (14... d6 $16) 15. Rhe1 Kf7 16. Kb1 h6 17. Qh4 $40 {[%mdl 128] White has strong attack.} Rb8 $2 (17... Qd8 18. Nd4 (18. e5 Nc6 $16) 18... Qe8) 18. g4 $18 (18. e5 Rh7 19. a4 Kg8 $16) 18... Qxf4 {aiming for ...h5.} 19. Rf1 (19. exf5 $142 Nxf5 20. Qh3 (20. Rf1 Nxh4 21. Rxf4+ Ke7 $17)) 19... Qg5 20. Qg3 Ke8 $2 (20... h5 {was worth a try.}) 21. exf5 gxf5 22. Qc7 {Hoping for gxf5.} Qxg4 (22... Rf8 $142 23. Na5 (23. Nc5 Bxc5 24. Qxb8 Qxg4 $16) 23... Kf7 24. gxf5 Nxf5) 23. Bf3 Qh4 24. Na5 Rf8 25. Nc4 {[%cal Rc4d6]} (25. Nxb7 Bxb7 26. Bxb7 Rd8 $14) 25... Kf7 26. Ne5+ Kg7 {[#]} 27. Rg1+ $1 {[%mdl 512]} ({Don't take} 27. Nxd7 Bxd7 28. Rxd7 Rbe8 $18) 27... Kf6 $2 {[#]} (27... Kh8 $18) (27... Bxg1 28. Rxg1+) 28. Nd5+ $1 {[%mdl 512]} Nxd5 (28... exd5 29. Qd6#) 29. Rg6+ Ke7 30. Bxd5 exd5 31. Nf3 (31. Qd6+ $142 Ke8 32. Nxd7 Bc5 33. Qxb8 Bd6 34. Qxd6 Rf6 35. Rxf6 Qxf6 36. Re1+ Qe6 37. Rxe6+ Kf7 38. Re7+ Kg8 39. Qg6+ Kh8 40. Qh7#) 31... Qf2 {White is clearly winning.} 32. Qd6+ Ke8 33. Re1+ Be3 34. Qe5+ ({Weaker is} 34. Qxd5 Kd8 $16) 34... Kd8 1-0